000
00402nam a22001217a 4500
040
_c
HS
082
_a
590
100
_a
ត្រាន ថាន់កាញ់
245
_a
ធរណីវិទ្យាអនុវត្តន័លើការប្រើជីនៅកម្ពុជាំ
260
_a
Cambodia
_b
ត្រាន ថាន់កាញ់
_c
1992
300
_a
117p;
942
_c
KB
999
_c
10290
_d
10290